000 00692nam a2200253 a 4500
003 AR-BaBNM
005 20251128210754.0
008 082120s2002 ||||||||||||||000 | spa||
040 _cAR-BaBNM
100 1 _aRéquédat, François
245 0 0 _aLes exercices structuraux
260 _aParis
_bLibrairie Hachette
_bLibrairie Larousse
_c1966
300 _a92 p.
490 0 _aLe français dans le monde B.E.L.C.
500 _aContiene referencias bibliográficas
650 4 _aFRANCES
650 4 _aLENGUAS ROMANCES
650 4 _aGRAMATICA ESTRUCTURAL
650 4 _aSINTAXIS
650 4 _aENSEÑANZA DE IDIOMAS
800 1 _aReboullet, André
942 _cBK
998 _cMARTIN
999 _c16834
_d16834